000 00296nam a22001097a 4500
008 170124b xxu||||| |||| 00| 0 eng d
020 _a9780763716660
041 _aeng
080 _28TH
_a618.2
245 _aEMERGENCY/ CARE AND TRANSPORTATION OF THE SICK AND INJURED
_cBROWNED, B.D
942 _2udc
_cBK
999 _c3451
_d3451